000 00918nam a2200277Ia 4500
003 OSt
005 20220918171459.0
006 a|||||r|||| 00| 0
007 ta
008 220917b |||||||| |||| 00| 0 eng d
020 _a9781843833666 (hbk)
_c2547.59
024 _a236,600
037 _b26418, 20/10/2008, Segment Book Distributors
_cTextual
040 _aARTS
_cARTS
_beng
041 _2eng
_aeng
082 _aY:88.5'J, P8
100 _aNetherton Robbin Ed.
_936867
245 0 _aMedieval clothing and textiles
260 _aWoodbridge
_bBoydell Press UK
_c2008
300 _axiv,227p.
_ccm.
490 _aMedieval clothing and textiles ISSN 1744-5787
650 _aSOCIOLOGY
700 _a Owen-Crocker Gale R. Ed.
_936868
942 _hY:88.5'J, P8
_cTEXL
_2CC
999 _c139763
_d139763